Diritto Penale e tutela dell'ambiente: tra responsabilit ̉individuali e degli enti tra responsabilit ̉individuali e degli enti

Detalles Bibliográficos
Autor principal: Plantamura, Vito
Formato: eBook
Lenguaje:italiano
Publicado: Bari : Cacucci Editore, 2007
Materias:
Acceso en línea:http://www.vlex.com/source/6805

MARC

LEADER 00000nam a22000007a 4500
005 20130214191516.0
007 cr|||| ||||
008 130214e2007 it |||||s|||| 00| 0 ita d
020 |a 8884225760 
035 |a 6805 
040 |a vLex 
090 |c 3642  |d 3642 
100 1 0 |a Plantamura, Vito 
245 1 0 |a Diritto Penale e tutela dell'ambiente: tra responsabilit ̉individuali e degli enti  |b tra responsabilit ̉individuali e degli enti  |h [Recurso electrn̤ico]  
256 |a Servicio en ln̕ea 
260 |a Bari :  |b Cacucci Editore,   |c 2007 
300 |a 1 Recurso electrn̤ico 
650 0 4 |a Derecho penal  |z Italia 
650 0 4 |a Procedimiento penal  |z Italia 
740 |a vLex Libros (Servicio en ln̕ea) 
856 |a Acceso restringido  |u http://www.vlex.com/source/6805 
942 |c BOOK 
999 0 |a Penal law